[Event "Reykjavik Open 2015"]
[Site "Harpa"]
[Date "2015.03.12"]
[Round "4.85"]
[White "Gonzalez Gonzalez, Alfonso"]
[Black "Lurdalen, Svein Erik"]
[Result "1-0"]
[WhiteElo "2122"]
[BlackElo "1824"]
[PlyCount "81"]
[EventDate "2015.??.??"]

1. d4 e6 2. Nf3 c5 3. c4 Nf6 4. Nc3 a6 5. g3 cxd4 6. Nxd4 Bc5 7. Nb3 Bb4 8. Bg2
Nc6 9. O-O O-O 10. Bf4 e5 11. Bg5 Bxc3 12. bxc3 Qe7 13. c5 a5 14. a4 Ra6 15.
Bd5 Nd8 16. Bc4 Rc6 17. Bb5 Re6 18. Nxa5 Qxc5 19. Nb3 Qc7 20. a5 Ne4 21. Bxd8
Rxd8 22. c4 Rh6 23. Qd5 Nf6 24. Qc5 Qxc5 25. Nxc5 d6 26. Na4 Ng4 27. f3 Ne3 28.
Rfc1 Nf5 29. Kg2 Nd4 30. Ra2 Bh3+ 31. Kf2 Nb3 32. Rd1 Be6 33. h4 Nxa5 34. Nc5
b6 35. Nxe6 Rxe6 36. c5 d5 37. cxb6 Nb3 38. Rxd5 Rb8 39. b7 Rb6 40. Ra8 R6xb7
41. Rd8+ 1-0

[Event "Reykjavik Open 2015"]
[Site "Harpa"]
[Date "2015.03.12"]
[Round "4.97"]
[White "Stuhr, Peter Sebastian"]
[Black "Miszkielo, Bartosz"]
[Result "0-1"]
[WhiteElo "1973"]
[BlackElo "1694"]
[PlyCount "80"]
[EventDate "2015.??.??"]

1. e4 c5 2. Nc3 Nc6 3. f4 e6 4. Nf3 d5 5. Bb5 Nge7 6. Ne5 Bd7 7. exd5 exd5 8.
Qe2 Nxe5 9. Qxe5 f6 10. Qe6 a6 11. Bxd7+ Qxd7 12. Qxd7+ Kxd7 13. O-O Kd6 14. f5
Nc6 15. d3 Nd4 16. Bf4+ Kc6 17. Rae1 Bd6 18. Bxd6 Kxd6 19. Re3 Rae8 20. Rg3 Re7
21. Rf4 Nxc2 22. Rfg4 Rg8 23. Rh4 Ne3 24. Rxh7 Nxf5 25. Rg6 Nd4 26. Kf2 b5 27.
Rh5 b4 28. Nxd5 Re2+ 29. Kg3 Re6 30. Nf4 Ne2+ 31. Nxe2 Rxe2 32. Rf5 Rxb2 33.
Rfxf6+ gxf6 34. Rxg8 Rxa2 35. h4 Rd2 36. Kh2 Ke6 37. Rc8 b3 38. Rxc5 b2 39.
Rc6+ Kf5 40. Rb6 a5 0-1

[Event "Reykjavik Open 2015"]
[Site "Harpa"]
[Date "2015.03.12"]
[Round "4.99"]
[White "Masungwini, Michael T"]
[Black "Fjallheim, Elmar"]
[Result "1-0"]
[WhiteElo "1972"]
[BlackElo "1678"]
[PlyCount "109"]
[EventDate "2015.??.??"]

1. d4 e6 2. c4 Bb4+ 3. Nd2 c5 4. Ngf3 Nf6 5. g3 cxd4 6. Nxd4 O-O 7. Bg2 Nc6 8.
Nc2 Be7 9. O-O d5 10. b3 Na5 11. cxd5 Nxd5 12. Bb2 Bf6 13. Bxf6 Nxf6 14. b4 Nc6
15. Nb3 Qc7 16. Qd2 Rd8 17. Qg5 Qe5 18. Qxe5 Nxe5 19. Rfd1 Ned7 20. Rd6 Re8 21.
Rad1 Rb8 22. Na5 Nb6 23. Ne3 g6 24. R1d2 Re7 25. Rd8+ Kg7 26. Rc2 Rd7 27. Rxd7
Nfxd7 28. Rc7 Kf8 29. Bxb7 Bxb7 30. Rxb7 Rxb7 31. Nxb7 Ke7 32. Kf1 Na4 33. Ke1
Nc3 34. a3 Nb6 35. f3 Nb5 36. Nc2 Nc4 37. a4 Nc7 38. e4 Ne8 39. Ke2 Ned6 40.
Nxd6 Kxd6 41. f4 f6 42. a5 a6 43. Kd3 Nb2+ 44. Kd2 e5 45. Ne3 exf4 46. gxf4 Na4
47. Kc2 g5 48. fxg5 fxg5 49. Nc4+ Kc6 50. Kb3 Nc5+ 51. bxc5 Kxc5 52. Kc3 h5 53.
Ne3 Kd6 54. Kd4 Ke6 55. e5 1-0

[Event "Reykjavik Open 2015"]
[Site "Harpa"]
[Date "2015.03.12"]
[Round "4.106"]
[White "Fivelstad, Jon Olav"]
[Black "Starosciak, Adrian"]
[Result "1-0"]
[WhiteElo "1929"]
[BlackElo "1304"]
[PlyCount "95"]
[EventDate "2015.??.??"]

1. d4 d5 2. c4 e6 3. Nc3 Bb4 4. Nf3 Nf6 5. Qc2 Nbd7 6. Bg5 c5 7. e3 h6 8. Bh4
Qa5 9. Nd2 cxd4 10. exd4 O-O 11. Be2 Re8 12. O-O b6 13. Nb3 Qa6 14. cxd5 Qb7
15. dxe6 fxe6 16. Bf3 Nd5 17. Qg6 Bxc3 18. Qxe8+ Kh7 19. bxc3 Qc7 20. c4 Bb7
21. Qxe6 Nf4 22. Qf5+ Ng6 23. Bg3 Qc8 24. h4 Bxf3 25. gxf3 Ndf8 26. Qxc8 Rxc8
27. Rac1 Ne6 28. Rfe1 Nef4 29. Re3 h5 30. a4 a5 31. d5 Kg8 32. Bxf4 Nxf4 33.
Kh2 Kf7 34. Kg3 Ng6 35. d6 Rd8 36. Rd1 Kf6 37. c5 bxc5 38. Nxc5 Ne5 39. d7 g6
40. f4 Nxd7 41. Rxd7 Rxd7 42. Nxd7+ Kf7 43. f5 gxf5 44. Kf4 Kg7 45. Kxf5 Kh7
46. Kf6 Kh6 47. Re8 Kh7 48. Ra8 1-0

[Event "Reykjavik Open 2015"]
[Site "Harpa"]
[Date "2015.03.12"]
[Round "4.54"]
[White "Haldorsen, Benjamin"]
[Black "Heimisson, Hilmir Freyr"]
[Result "1-0"]
[WhiteElo "2307"]
[BlackElo "1861"]
[PlyCount "61"]
[EventDate "2015.??.??"]

1. e4 e6 2. d4 d5 3. Nc3 Bb4 4. Nge2 dxe4 5. a3 Bxc3+ 6. Nxc3 Nc6 7. Bb5 Nge7
8. Be3 O-O 9. Qd2 a6 10. Bxc6 Nxc6 11. Nxe4 e5 12. d5 Nd4 13. Nc3 Bf5 14. Rc1
Qf6 15. O-O Rad8 16. f3 h6 17. f4 c5 18. fxe5 Qxe5 19. Bf4 Qf6 20. Bc7 Rd7 21.
d6 Qh4 22. Nd5 Re8 23. Rce1 Be6 24. Nb6 Red8 25. Nxd7 Rxd7 26. a4 b5 27. Re5
Bc4 28. Rf4 Nf3+ 29. Rxf3 Qg4 30. Qf4 Qg6 31. Qf5 1-0